| 000 | 005650000a22001810004500 | ||
|---|---|---|---|
| 003 | MACL | ||
| 005 | 20160524112355.0 | ||
| 008 | 160524b xxu||||| |||| 00| 0 eng d | ||
| 040 |
_aMACL _cMACL |
||
| 041 | _aHindi | ||
| 082 | _a891.432 MIT | ||
| 100 |
_aमित्र, मनोज _959043 |
||
| 245 |
_aकिस्सा हकीम सााहेब का _cमित्र, मनोज |
||
| 260 |
_bकला प्रकाशन _c1998 _aनई दिल्ली |
||
| 350 | _a60 | ||
| 650 |
_aDrama _959044 |
||
| 942 |
_cHIN _k800/MIT/D _2ddc |
||
| 999 |
_c17646 _d17646 |
||